000 00630nam a2200181 i 4500
001 99113
003 ES-MaACL
005 20230906182436.0
007 t|
008 050902s1962 sp ||||1| spa d
100 1 _aMartin, J. Rogers.
_977311
245 1 0 _aPavimentos asfálticos
_b: proyecto y construcción /
_cJ. Rogers Martin y Hugh A. Wallace; traducción del inglés por Manuel Velázquez Velázquez.
260 _aMadrid :
_bAguilar,
_c1962.
300 _aXVI, 361 p. :
_bil. ;
_c22 cm.
700 1 _aWallace, Hugh A.
_9115950
700 1 _aVelázquez Velázquez, Manuel.
_9113816
852 _aES-MaACL
_jC-21299
_bR.49602
999 _c99113
_d99113